The wild fire season
| Main Author: | |
|---|---|
| Format: | Book |
| Published: |
London :
HaperCollins Pusblisher ,
2005
|
| Subjects: |
MARC
| LEADER | 00000cam a2200000 7i4500 | ||
|---|---|---|---|
| 001 | 0000008547 | ||
| 005 | 20070918.0 | ||
| 008 | 070918 | ||
| 020 | |a 0007165064 | ||
| 090 | 0 | 0 | |a PYP |b ENG |
| 100 | 1 | |a Pyper, Andrew | |
| 245 | 1 | 4 | |a The wild fire season |c Andrew Pyper |
| 260 | |a London : |b HaperCollins Pusblisher , |c 2005 | ||
| 650 | 0 | |a Adventure and adventurerers |x Fiction | |
| 650 | 0 | |a Novel | |
| 999 | |a 0000994059 |b Book |c Adult Collection |e Perbadanan Perpustakaan Awam Johor | ||
| 999 | |a 0000994060 |b Book |c Adult Collection |e Perbadanan Perpustakaan Awam Johor | ||